Statistics for General Knowledge... for Aristocrats

Click here to take the quiz!

General Stats

  • This quiz has been taken 20 times
  • The average score is 9 of 24

Answer Stats

HintAnswer% Correct
Luxury wristwatch manufacturer based in GenevaRolex
82%
Salt-cured roe traditionally from wild sturgeonsCaviar
76%
The part of a goose or duck used to make foie grasLiver
76%
An elaborate "coming-out party" for young, aristocratic womenD{ebutante} Ball
71%
Money controlled by a "settlor" to be used in the interest of a beneficiary{Trust} Fund
65%
A pool where water flows over an edge to appear boundlessInfinity Pool
59%
A servant who carries objects, luggage, or cargoPorter
47%
Luxury sweaters are oft made of this fine goat woolCashmere
41%
A house servant who prepares cream, butter, and cheeseMilkmaid
41%
The more refined, and more French, name for goat cheeseChèvre
35%
A series of boat races, derived from the Venetian word for "contest"Regatta
35%
A trained and knowledgeable server who specializes in wine serviceSommelier
35%
Coq au vin has chicken typically braised with red wine from this regionBurgundy
29%
Once synonymous with "stoker", this person operates an automobileChauffeur
29%
A person who is overly fond of quality food and drinkG{ourmand}
29%
French luxury brand whose logo is a Duc carriage and horseHermès
29%
Money paid for a stallion with strong pedigree to breed with one's filly{Stud} Fee
29%
A basic home décor item, but this one is handwoven in FranceAubusson {Rug}
24%
A sofa that is shaped like a chair but long enough for one's legsChaise Longue
24%
Dressed meats like sausages or forcemeats, oft served with fromageCharcuterie
24%
A male domestic worker who attends a coach or carriageFootman
24%
The head steward or butler of a household, estate, or palaceMajor{domo}
24%
A 2-or-more-masted fore-and-aft rigged sailing vesselS{chooner}
6%
A servant in charge of a boat; a "boat servant"Coxswain
0%

Score Distribution

Percentile by Number Answered

Percent of People with Each Score

Your Score History

You have not taken this quiz